00494 2200193 4500001002100000005001500021035002000036008004100056245006800097100002200165250000600187260003600193300001100229084001400240082000800254650001400262990001200276990001200288INLIS00000000000040220240430015832 a0010-0424000378240430 0 ind 1 aSelayang Pandang Daerah Istimewa Yogyakarta /cKelik Supriyanto aSupriyanto, Kelik a1 aKlaten :bIntan Pariwara,c2008 a60 hlm a900 KEL s a900 4aNon Fiksi a0728643 a0728644